U-Bahn London: Jubilee line - Statistiken

Allgemein
  • Dieses Quiz wurde 32 mal gespielt
  • Das Durchschnittsergebnis liegt bei 9 aus 27
Antwortstatistiken
Hint Antwort % Korrekt
Stationen Waterloo B N W
64%
Stationen Baker Street B C H M
60%
Stationen Westminster C D
60%
Stationen London Bridge N
52%
Stationen Stratford C D E O
52%
Stationen Canada Water O
48%
Stationen Green Park P V
48%
Stationen Southwark
44%
Stationen West Ham D D H
44%
Stationen Canary Wharf
40%
Stationen North Greenwich
40%
Stationen Bond Street C E
36%
Stationen Stanmore
36%
Stationen Bermondsey
28%
Stationen Wembley Park M
28%
Stationen Canning Town D
24%
Stationen Finchley Road M
24%
Stationen Swiss Cottage
20%
Stationen Kilburn
16%
Stationen Willesden Green
16%
Stationen Canons Park
12%
Stationen Dollis Hill
12%
Stationen Kingsbury
12%
Stationen Neasden
12%
Stationen Queensbury
12%
Stationen St. John's Wood
12%
Stationen West Hampstead O
12%
Keine übereinstimmenden Quizze gefunden
Verteilung der Resultate
Anzahl Personen mit jedem Resultat
Perzentil nach korrekt beantworteten Fragen
Ihre Resultats-Entwicklung
Sie haben dieses Quiz noch nicht gespielt